000 00459nam a2200193Ia 4500
008 210210b1944 xxu||||| |||| 00| 0 eng d
041 _aeng
082 _a539/14
100 _aCAMM (F J)
245 _aNewnes slide rule manual
260 _aBombay
_bD. B. Taraporevala Sons & Co, Pvt Ltd.,
_c1944
300 _a112
650 _aslide
650 _arule
650 _aNewnes
650 _amanual
690 _aMathematical Physics
906 _a009030
999 _c126742
_d126742